Constitución de Cádiz
में बचाया:
| निगमित लेखक: | |
|---|---|
| स्वरूप: | इलेक्ट्रोनिक ई-पुस्तक |
| भाषा: | स्पेनिश |
| प्रकाशित: |
Barcelona :
www.Linkgua.com,
2011.
|
| श्रृंखला: | Leyes (Linkgua Ediciones)
|
| विषय: | |
| ऑनलाइन पहुंच: | Digitalia Hispánica |
| टैग: |
टैग जोड़ें
कोई टैग नहीं, इस रिकॉर्ड को टैग करने वाले पहले व्यक्ति बनें!
|
MARC
| LEADER | 00000nam a2200000Ii 4500 | ||
|---|---|---|---|
| 001 | DIGLINK00553 | ||
| 003 | NyNyDIG | ||
| 006 | m o d | ||
| 007 | cr ||||||||||| | ||
| 008 | 140101s2011 sp o 000 0 spa d | ||
| 020 | |a 9788498970272 |q (eBook) | ||
| 020 | |z 9788496290167 | ||
| 040 | |a DGITA |b eng |e pn |c DGITA | ||
| 043 | |a e-sp--- | ||
| 050 | 1 | 4 | |a KKT2064.51812 eBook |
| 110 | 1 | |a Spain. |t Constitution. 1812. | |
| 240 | 1 | 0 | |a Constitución (1812) |
| 245 | 1 | 0 | |a Constitución de Cádiz |
| 264 | 1 | |a Barcelona : |b www.Linkgua.com, |c 2011. | |
| 300 | |a 1 online resource (60 pages) | ||
| 336 | |a text |b txt |2 rdacontent | ||
| 337 | |a computer |b c |2 rdamedia | ||
| 338 | |a online resource |b cr |2 rdacarrier | ||
| 490 | 1 | |a Leyes. | |
| 650 | 0 | |a Constitutional law |z Spain | |
| 650 | 0 | |a Constitutions |z Spain | |
| 650 | 0 | |a Constitutional history |z Spain | |
| 655 | 0 | |a Electronic books. | |
| 791 | 2 | |a Digitalia (Firm), |e distributor. | |
| 830 | 0 | |a Leyes (Linkgua Ediciones) | |
| 793 | 0 | |g Digitalia eBook Collection: |a Linkgua. | |
| 856 | 4 | 0 | |3 Digitalia Hispánica |u https://digitalia.unach.elogim.com/a/12977/ |
| 910 | |a Premium Collection: 2007-2012 | ||